000 00690nam a2200289Ia 4500
005 20260324140021.0
008 008 260324s9999 xx 000 0 eng d
020 _a9781351289689
037 _aEBOOK
040 _aCRL
040 _beng
040 _cCRL
041 _2eng
041 _aeng
084 _qCRL
100 _aTony Becher
_91202811
245 0 _aProfessional Practices
245 0 _bCommitment and Capability in a Changing Environment
260 _bTaylor and Francis
260 _c1999
365 _a
365 _b230
856 _uhttp://www.taylorfrancis.com/books/9781351289689
942 _cEBOOK
999 _c1804431
_d1804431